Największe polskie miasta zawierające literę K - Statystyki

Ogólne statystyki
  • Ten quiz został rozwiązany 51 razy
  • Średni wynik to 11 z 15
Statystyki odpowiedzi
Województwo Populacja Miasto % Poprawnych
Małopolskie 804 237 Kraków
100%
Świętokrzyskie 183 147 Kielce
96%
Pomorskie 486 492 Gdańsk
93%
Śląskie 279 119 Katowice
93%
Podlaskie 292 058 Białystok
89%
Lubuskie 115 847 Gorzów Wielkopolski
82%
Zachodniopomorskie 105 905 Koszalin
82%
Mazowieckie 111 927 Płock
71%
Wielkopolskie 93 681 Kalisz
69%
Śląskie 131 062 Ruda Śląska
69%
Śląskie 166 189 Bielsko-Biała
64%
Śląskie 131 323 Rybnik
64%
Pomorskie 86 027 Słupsk
64%
Kujawsko-pomorskie 101 450 Włocławek
62%
Wielkopolskie 69 477 Ostrów Wielkopolski
44%
Nie znaleziono quizów pasujących do podanych kryteriów
Rozkład punktacji
Procent ludzi z każdym wynikiem
Percentyl według liczby udzielonych odpowiedzi
Twoja historia wyników
Nie rozwiązałeś tego quizu